000 01847cam a22001694a 4500
005 20250605164039.0
008 250528s ||||||||||||||||||||||||d
035 _a16914
040 _aGR-AtMCL
_bgre
_dGR-AtMCL
_eAACR2
245 1 _aΑνακαλυπτώ τη Γλώσσα των Χεριών / Βασικός Κύκλος Μαθημάτων Ελληνικής Νοηματικής Γλώσσας για τη Διευκόλυνση της Επικοινωνίας με Κωφά Άτομα στο Εκπαιδευτικό και Εργασιακό Περιβάλλον
260 _bΚεκ-Μιτ Αε,
_c1997
520 _aΠεριέχει CD-ROM. Αντί Προλόγου, Συντελεστές του Έργου, Εισαγωγή, Γενικά, Τι Είναι η Νοηματική Γλώσσα, Νοηματική ή Κινηματική, Νοηματική Γλώσσα και Κοινότητα των Κωφών,Νοηματική Γλώσσα και Εκπαίδευση των Κωφών, Νοηματική Γλώσσα και Επαγγελματική Αποκατάσταση των Κωφών, Απαιτήσεις Συστήματος, Ελάχιστες Προδιαγραφές, Προτεινόμενο Σύστημα, Οδηγίες Εγκατάστασης, Αντιμετώπιση Προβλημάτων μετά την Εγκατάσταση, Αν δεν Βλέπετε Ελληνικά, Αν δεν Βλέπετε Video, Δομή του Ηλεκτρονικού Βιβλίου, Οδηγίες Χρήσης, Επιλογή Θεματικής Ενότητας, Χρήση των Κουμπιών Ελέγχου, Ρυθμίσεις Περιβάλλοντος, Βιβλιογραφία, Εικόνες και Σχήματα.
700 1 _aΠαπασπύρου Χ
_93008
942 _cBK
999 _c2364
_d2364